Introduction to stateflow with applications (Record no. 147504)
[ view plain ]
| 000 -LEADER | |
|---|---|
| fixed length control field | 01120nam a2200301Ia 4500 |
| 100 1# - MAIN ENTRY--AUTHOR NAME | |
| Personal name | Karris, Steven T. |
| 245 10 - TITLE STATEMENT | |
| Title | Introduction to stateflow with applications |
| 250 ## - EDITION STATEMENT | |
| Edition statement | 1st ed. |
| 260 ## - PUBLICATION, DISTRIBUTION, ETC. (IMPRINT) | |
| Place of publication | Fremont, CA : |
| Name of publisher | Orchard Publications, |
| Year of publication | 2007. |
| 300 ## - PHYSICAL DESCRIPTION | |
| Number of Pages | iv, (522) p. |
| 650 #0 - SUBJECT ADDED ENTRY--TOPICAL TERM | |
| Topical Term | Computer software |
| 856 40 - ELECTRONIC LOCATION AND ACCESS | |
| Uniform Resource Identifier | http://site.ebrary.com/lib/rucke/Doc?id=10186866 |
No items available.
